Largest World Stadiums With Exceptions - Statistics

General Stats
  • This quiz has been taken 3 times
  • The average score is 6 of 20
Answer Stats
Capacity City Answer % Correct
99,000 Barcelona Camp Nou
67%
100,000 Melbourne Melbourne Cricket Ground
67%
132,000 Ahmedabad Narendra Modi Stadium
67%
113,000 Pyongyang Rungrado 1st of May Stadium
67%
90,000 London Wembley Stadium
67%
83,000 Madrid Bernabéu
33%
82,000 Dublin Croke Park
33%
88,000 Mexico City Estadio Azteca
33%
85,000 Buenos Aires Estadio Monumental
33%
89,000 Lusail Lusail Stadium
33%
81,000 Dortmund Signal Iduna Park
33%
81,000 Saint-Denis Stade de France
33%
83,000 Sydney Stadium Australia
33%
86,000 Alexandria Borg El Arab Stadium
0%
88,000 Kuala Lumpur Bukit Jalil National Stadium
0%
95,000 Johannesburg FNB Stadium
0%
82,000 Jakarta Jakarta International Stadium
0%
94,000 The New Capital Misr Stadium
0%
85,000 Kolkata Salt Lake Stadium
0%
82,000 London Twickenham Stadium
0%
No matching quizzes found
Score Distribution
Percent of People with Each Score
Percentile by Number Answered
Your Score History
You have not taken this quiz